| 000 | 00577cam a22002172a 4500 | ||
|---|---|---|---|
| 001 | 010175 | ||
| 003 | AR-FADEU | ||
| 008 | 311216n1985####xxu####################dd | ||
| 020 | _a84-7088-419-0 | ||
| 092 |
_aD344 _bD786a |
||
| 100 | _aDromi, José Roberto | ||
| 245 | _aEl acto administrativo | ||
| 260 | _aMadrid | ||
| 260 | _binstituto de Estudio de Administración Local | ||
| 260 | _c1985 | ||
| 300 | _a299 p | ||
| 440 | _aEstudio derecho público | ||
| 500 | _aIncluye bibliografía | ||
| 650 | _aDERECHO ADMINISTRATIVO-REGLAMENTO; CONTRATOS | ||
| 942 | _cBDGR | ||
| 999 |
_c15971 _d15971 |
||